书目信息 |
| 题名: |
大学化学实验
|
|
| 作者: | 余文华 , 徐功骅 主编 | |
| 分册: | ||
| 出版信息: | 北京 清华大学出版社 1986 |
|
| 页数: | 138页 | |
| 开本: | 26cm | |
| 丛书名: | ||
| 单 册: | ||
| 中图分类: | O6-33 | |
| 科图分类: | ||
| 主题词: | 化学实验 | |
| 电子资源: | ||
| ISBN: | ||
| 000 | 00700nam0 2200253 45 | |
| 001 | 0186010118 | |
| 005 | 20060331092036.18 | |
| 010 | @dCNY1.35 | |
| 091 | @a15235.225 | |
| 100 | @a19900818d1986 em y0chiy0121 ea | |
| 101 | 0 | @achi |
| 102 | @aCN@b110000 | |
| 105 | @ay z 000yy | |
| 200 | 10 | @a大学化学实验@Ada xue hua xue shi yan@f余文华, 徐功骅主编@Fyu wen hua,xu gong hua zhu bian |
| 210 | @a北京@c清华大学出版社@d1986 | |
| 215 | @a138页@d26cm | |
| 300 | @a清华大学教材 | |
| 606 | 0 | @a化学实验 |
| 690 | @aO6-33@v4 | |
| 701 | 0 | @a余文华@Ayu wen hua@4主编 |
| 701 | 0 | @a徐功骅@Axu gong hua@4主编 |
| 801 | 2 | @aCN@bNLC@c20060331 |
| 801 | 0 | @aCN@b深圳图书馆@c20040519 |
| 905 | @dO6-33@e190 | |
| 大学化学实验/余文华, 徐功骅主编.-北京:清华大学出版社,1986 |
| 138页;26cm |
| 清华大学教材 |
| ISBN :CNY1.35 |
| ● |
| 相关链接 |
|
|
|
|
正题名:大学化学实验
索取号:O6-33/190
 
预约/预借
| 序号 | 登录号 | 条形码 | 馆藏地/架位号 | 状态 | 备注 |
| 1 | 0012480 | 000340410 | 第三借阅区/ [索取号:O6-33/190] | 在馆 | |
| 2 | 0012481 | 000340429 | 第三借阅区/ [索取号:O6-33/190] | 在馆 | |
| 3 | 0162463 | 202234402 | 密集书库/ [索取号:O6-33/190] | 在馆 | |
| 4 | 0162464 | 000340376 | 第三借阅区/ [索取号:O6-33/190] | 在馆 | |
| 5 | 0162465 | 000340385 | 第三借阅区/ [索取号:O6-33/190] | 在馆 | |
| 6 | 0162466 | 000340394 | 第三借阅区/ [索取号:O6-33/190] | 在馆 | |
| 7 | 0162467 | 000340447 | 第三借阅区/ [索取号:O6-33/190] | 在馆 | |
| 8 | 0162468 | 000340367 | 第三借阅区/ [索取号:O6-33/190] | 在馆 | |
| 9 | 0162469 | 000340483 | 第三借阅区/ [索取号:O6-33/190] | 在馆 | |
| 10 | 0162470 | 000340474 | 第三借阅区/ [索取号:O6-33/190] | 在馆 | |
| 11 | 0162471 | 001944668 | 第三借阅区/ [索取号:O6-33/190] | 在馆 | |
| 12 | 0162472 | 000340456 | 第二样本阅览室/ [索取号:O6-33/190] | 在馆 | |
| 13 | 0206963 | 000340438 | 第三借阅区/ [索取号:O6-33/190] | 在馆 | |
| 14 | 0206964 | 202236516 | 密集书库/ [索取号:O6-33/190] | 在馆 | |
| 15 | 0206965 | 000340465 | 第三借阅区/ [索取号:O6-33/190] | 在馆 |